000 00413nam a2200181Ia 4500
001 18499
005 20260306171635.0
008 260306s9999||||xx |||||||||||||| ||und||
041 _aESP
082 _a658.406
_bI69
100 _aIrizar, Iñazio
_eAUT
245 0 _aIntra-emprendizaje
260 _c2008
300 _a247 páginas :
_c21 cm.
650 _aGEN
654 _aCAN
942 _cLIB
_dJUS
_fJUS
_2ddc
_n
999 _c18499
_d18499